Statistiche per Quiz sull'Algeria

Clicka qui per fare il quiz!

Statistiche generali

  • Questo quiz è stato fatto 429 volte
  • Il punteggio medio è 17 su 24

Statistiche sulle risposte

HintRisposta% Corretto
Capitale e città più grandeAlgeri
98%
Marocco
98%
Tunisia
97%
Libia
95%
Lingue ufficialiArabo
94%
Deserto che copre la maggior parte del paeseSahara
91%
Paese europeo da cui l'Algeria ottenne l'indipendenza nel 1962Francia
90%
Mauritania
90%
Niger
89%
Paesi confinantiMali
85%
L'Algeria è il più grande paese dell'Africa. Qual è il secondo più grande?Repubblica Democratica del Congo
80%
Serie di guerre che si sono concluse con il distruzione di Cartagine e l'istituzione del dominio romanoGuerre {Puniche}
72%
Maggiore esportazione del paesePetrolio
71%
% arrotondata degli algerini che si professano islamici99%
70%
Regione del nord Africa di cui l'Algeria fa parteM{aghreb}
69%
Famoso calciatore i cui genitori erano di origine algerinaZinedine Zidane
61%
Catena montuosa che attraversa il paese a nordAtlante
55%
MonetaDinaro
54%
Berbero
53%
Seconda città più popolosaOrano
44%
Qual era la professione del Corsari barbareschi?Pirateria
42%
Scrittore nato in Algeria autore de "La Peste" e "Lo Straniero"Albert Camus
40%
Codice internazionaleDZ
28%
Nome che indica coloro che a seguito dell'indipendenza tornarono nella madrepatriaP{ieds} N{oirs}
25%

Distribuzione punteggi

Percentile per numero di risposta

Percentuale di utenti per punteggio

I tuoi punteggi nel tempo

Non hai fatto questo quiz